000 005790000a22001690004500
090 _aSERIADAS
100 1 _aArdila Rodríguez, Carlos A.
_9953
245 1 0 _aLebiasina ortegai (Characiformes: Lebiasinidae), nueva especie, sistema del río Cauca, Colombia
651 4 _dValle del Cauca
_lRío Las Cañas
_mFlorida
_992749
690 _aNuevas especies
_992905
690 _aPeces
_992349
690 _aMorfología
_992917
041 0 _aEspañol
044 _aColombia
942 _cARTICULO
773 1 _tDahlia
_kRevista de la Asociación Colombiana de Ictiólogos
_h10
_q17-25
_d2008
999 _c16367
_d16367